| 000 | 00793nam a22002297a 4500 | ||
|---|---|---|---|
| 999 |
_c20224 _d20224 |
||
| 003 | AR-CdUCM | ||
| 008 | 190320b ||||| |||| 00| 0 spa d | ||
| 020 | _a0-07-028331-1 | ||
| 040 |
_aMUNICIPALIDAD PROVINCIAL DEL CUSCO _cBIBLIOTECA MUNICIPAL DEL CUSCO |
||
| 041 | _heng | ||
| 082 |
_a374.11 / _bC35 |
||
| 100 |
_aCastro Harrison, Jorge _930412 |
||
| 245 | _aRelaciones humanas / | ||
| 260 |
_aLima : _bEl siglo, _c1971. |
||
| 300 |
_a412 páginas ; _c26 cm. |
||
| 505 | _aContenido : Las relaciones humanas -- Factores humanos en una sociedad tecnológica -- Dinámica de organización -- Dinámica de comportamiento humano... | ||
| 650 |
_aComportamiento humano _937362 |
||
| 650 |
_aTecnología _91571 |
||
| 650 |
_aEstructura social _92893 |
||
| 942 |
_2ddc _cLIBROS |
||
| 945 | _arcc | ||